| 000 | 00459nam a2200169Ia 4500 | ||
|---|---|---|---|
| 003 | GCL | ||
| 008 | 140319s9999 xx 000 0 eng d | ||
| 040 |
_aGCL / _cGCL |
||
| 082 | 0 | 4 |
_a616 _bK E |
| 100 | 1 | _aKELLEY, WILLIAM N. | |
| 245 | 1 | 0 |
_aESSENTIALS OS INTERNAL MEDICINE / _cKELLEY, WILLIAM N. |
| 260 |
_a[S.N] : _bJ. B LIPPINCOTT COMPANY ، _c1994 |
||
| 300 | _a826 P | ||
| 650 | 0 | 4 | _aMEDICINE |
| 650 | 0 | 4 | _aINTERNAL MEDICINE, HANDBOOKS |
| 942 |
_2ddc _cBK |
||
| 999 |
_c20812 _d20812 |
||